Fundamental neuroanatomy / (Record no. 2198)

000 -LEADER
fixed length control field 01109nam a22003497a 4500
001 - CONTROL NUMBER
control field 953132
003 - CONTROL NUMBER IDENTIFIER
control field OSt
005 - DATE AND TIME OF LATEST TRANSACTION
control field 20210414083758.0
008 - FIXED-LENGTH DATA ELEMENTS--GENERAL INFORMATION
fixed length control field 841214s1986 nyua b 001 0 eng c
010 ## - LIBRARY OF CONGRESS CONTROL NUMBER
LC control number 84028675
020 ## - INTERNATIONAL STANDARD BOOK NUMBER
International Standard Book Number 0716717220
020 ## - INTERNATIONAL STANDARD BOOK NUMBER
International Standard Book Number 0716717239 (pbk.)
040 ## - CATALOGING SOURCE
Original cataloging agency DNLM/DLC
Transcribing agency DLC
Modifying agency DLC
Language of cataloging eng
041 ## - LANGUAGE CODE
Language code of text/sound track or separate title eng
050 00 - LIBRARY OF CONGRESS CALL NUMBER
Classification number QM451
Item number .N38 1986
060 ## - NATIONAL LIBRARY OF MEDICINE CALL NUMBER
Classification number WL 101 N314f
080 ## - UNIVERSAL DECIMAL CLASSIFICATION NUMBER
Universal Decimal Classification number 616.8
Item number N-29
082 00 - DEWEY DECIMAL CLASSIFICATION NUMBER
Classification number 611/.8
Edition number 19
100 1# - MAIN ENTRY--PERSONAL NAME
Personal name Nauta, Walle J. H.
245 10 - TITLE STATEMENT
Title Fundamental neuroanatomy /
Statement of responsibility, etc. Walle J.H. Nauta, Michael Feirtag ; anatomical drawings by Carol Donner.
Remainder of title / by: W. H. Freeman and Company
260 ## - PUBLICATION, DISTRIBUTION, ETC.
Place of publication, distribution, etc. New York :
Name of publisher, distributor, etc. W. H. Freeman and Company
Date of publication, distribution, etc. c1986.
300 ## - PHYSICAL DESCRIPTION
Extent x, 340 p.
Other physical details ill. (some col.) ;
Dimensions 24 cm.
500 ## - GENERAL NOTE
General note Includes index.
504 ## - BIBLIOGRAPHY, ETC. NOTE
Bibliography, etc. note Bibliography: p. [318]-239.
650 #0 - SUBJECT ADDED ENTRY--TOPICAL TERM
Topical term or geographic name entry element Neuroanatomy.
650 #0 - SUBJECT ADDED ENTRY--TOPICAL TERM
Topical term or geographic name entry element Neurology
9 (RLIN) 100
650 #2 - SUBJECT ADDED ENTRY--TOPICAL TERM
Topical term or geographic name entry element Neuroanatomy.
653 ## - INDEX TERM--UNCONTROLLED
Uncontrolled term ნევროლოგია
-- ნეიროანატომია
700 1# - ADDED ENTRY--PERSONAL NAME
Personal name Feirtag, Michael.
906 ## - LOCAL DATA ELEMENT F, LDF (RLIN)
a 7
b cbc
c orignew
d 1
e ocip
f 19
g y-gencatlg
942 ## - ADDED ENTRY ELEMENTS (KOHA)
Source of classification or shelving scheme
Koha item type Books
Holdings
Withdrawn status Lost status Source of classification or shelving scheme Damaged status Not for loan Permanent location Current location Date acquired Inventory number Total Checkouts Full call number Barcode Date last seen Price effective from Koha item type
          Ken Walker International University Ken Walker International University 03/12/2021 2247   616.8 N-29 2247 03/12/2021 03/12/2021 Books

Powered by Koha